Phillies Roster 2023 (Postseason) - Statistics

General Stats
  • This quiz has been taken 256 times
    24 since last reset
  • The average score is 17 of 26
Answer Stats
Position Player % Correct
Infielder Bryce Harper
100%
Infielder Alec Bohm
95%
Infielder Bryson Stott
95%
Catcher J. T. Realmuto
95%
Des. Hitter Kyle Schwarber
95%
Pitcher Aaron Nola
91%
Outfielder Brandon Marsh
91%
Outfielder Nick Castellanos
91%
Infielder Trea Turner
91%
Pitcher Zack Wheeler
91%
Infielder Edmundo Sosa
86%
Catcher Garrett Stubbs
86%
Outfielder Johan Rojas
86%
Pitcher Cristopher Sánchez
82%
Pitcher Ranger Suárez
82%
Pitcher José Alvarado
73%
Pitcher Orion Kerkering
50%
Pitcher Taijuan Walker
50%
Pitcher Matt Strahm
41%
Pitcher Jeff Hoffman
32%
Pitcher Craig Kimbrel
27%
Pitcher Gregory Soto
27%
Pitcher Michael Lorenzen
18%
Pitcher Seranthony Domínguez
18%
Outfielder Cristian Pache
14%
Outfielder Jake Cave
14%
No matching quizzes found
Score Distribution
Percent of People with Each Score
Percentile by Number Answered
Your Score History
You have not taken this quiz since the last reset